000 00541nam a2200169Ia 4500
008 090711s9999 xx 000 0 und d
082 _b66482
100 _aसाठवणे पां. आ.
245 _aमातीSाा औषधी उपयोग
260 _c1989
300 _a20
600 _aसाठवणे पां. आ.
630 _aमातीSाा औषधी उपयोग
700 _aसाठवणे पां. आ.
730 _aमातीSाा औषधी उपयोग
942 _cBOOK
999 _c312041
_d312041